Ako podnikať

Z obsahu: Zoznamka namiesto inzerátu. Diskriminácia pri nábore. Firma sú ľudia. Manažér prestáva byť nositeľom múdrosti a stredobodom záujmu. Efektívny predajca - stres pred rokovaním. Poradenstvo.

Salvato in:
Dettagli Bibliografici
Natura: Capitolo di libro
Lingua:slovacco
Soggetti:
Tags: Aggiungi Tag
Nessun Tag, puoi essere il primo ad aggiungerne!!

MARC

LEADER 00000naa$a2200000$$$4500
001 0047059
005 20231009084037.0
041 0 |a slo 
044 |a SK 
245 1 0 |a Ako podnikať 
520 |a Z obsahu: Zoznamka namiesto inzerátu. Diskriminácia pri nábore. Firma sú ľudia. Manažér prestáva byť nositeľom múdrosti a stredobodom záujmu. Efektívny predajca - stres pred rokovaním. Poradenstvo. 
610 2 0 |a podnikanie 
610 2 0 |a nábor pracovníkov 
610 2 0 |a diskriminácia pracovná 
610 2 0 |a manažéri 
610 2 0 |a predajcovia 
610 2 0 |a poradenstvo